000 00444cam a2200169ua 4500
020 _c120.00
041 _aeng
_h
082 _a005.43
_bMCD/IL
100 _aMcDonald, Timothy K .
245 _aIllustrated Novell netware 2.X/3.X software /
_cTimothy McDonald.
_hTextual Documents
260 _aNew Delhi :
_bB P B Publishers ,
_c1992.
300 _a222 ; .
365 _a120.00
504 _a
942 _cBK
999 _c9387
_d9387